000 00360nam a22001217a 4500
003 SGT
082 _a891.4309
_bB15R
100 _aराय, विनोद कुमार
245 _aब्रह्मर्षि वंश विस्तार
260 _b सत्य राज सेवा समिति
_c2015
300 _a346
942 _2ddc
_cBK
999 _c30108
_d30108